Tribhuvan University Central Library

Krida vijnan (Record no. 18808)

MARC details
000 -LEADER
fixed length control field 003920000a22001930004500
015 ## - NATIONAL BIBLIOGRAPHY NUMBER
National bibliography number NB
082 ## - DEWEY DECIMAL CLASSIFICATION NUMBER
Classification number N796
Item number J651k
-- CS
041 ## - LANGUAGE CODE
Language code of text/sound track or separate title Nep
100 ## - MAIN ENTRY--PERSONAL NAME
Personal name Jha, Ashok
245 ## - TITLE STATEMENT
Title Krida vijnan
260 ## - PUBLICATION, DISTRIBUTION, ETC. (IMPRINT)
Place of publication, distribution, etc Kathmandu
Name of publisher, distributor, etc Em. Ke. Pablisars, Nepal
260 ## - PUBLICATION, DISTRIBUTION, ETC. (IMPRINT)
Date of publication, distribution, etc 2055 B.S.
300 ## - PHYSICAL DESCRIPTION
Extent 278p.
365 ## - TRADE PRICE
Price type code Rs.110.00
518 ## - DATE/TIME AND PLACE OF AN EVENT NOTE
Date/time and place of an event note 990520
530 ## - ADDITIONAL PHYSICAL FORM AVAILABLE NOTE
Additional physical form available note M
650 ## - SUBJECT ADDED ENTRY--TOPICAL TERM
Topical term or geographic name as entry element Sports
942 ## - ADDED ENTRY ELEMENTS (KOHA)
Koha item type General Collections
Holdings
Withdrawn status Lost status Damaged status Not for loan Home library Current library Date acquired Total Checkouts Barcode Date last seen Price effective from Source of classification or shelving scheme Shelving location Total Renewals Full call number Date checked out Koha item type
        Tribhuvan University Central Library Tribhuvan University Central Library 06/20/2010   G48134 06/20/2010 06/20/2010            
        Tribhuvan University Central Library Tribhuvan University Central Library 06/20/2010   G48135 06/20/2010 06/20/2010            
        Tribhuvan University Central Library Tribhuvan University Central Library 12/04/2016 4 G62507 07/15/2018 12/04/2016 Dewey Decimal Classification New Building 2 N796 J651k 06/19/2018 General Collections